<?xml version="1.0" encoding="UTF-8"?><marc:collection xmlns:marc="http://www.loc.gov/MARC21/slim">
  <marc:record>
    <marc:leader>00000nam##2200000za#4500</marc:leader>
    <marc:controlfield tag="001">9.639357</marc:controlfield>
    <marc:controlfield tag="003">CaOODSP</marc:controlfield>
    <marc:controlfield tag="005">20240209132623</marc:controlfield>
    <marc:controlfield tag="007">cr |||||||||||</marc:controlfield>
    <marc:controlfield tag="008">150407|1997||||xxc|||||o    f|0| 0 fre|d</marc:controlfield>
    <marc:datafield tag="040" ind1=" " ind2=" ">
      <marc:subfield code="a">CaOODSP</marc:subfield>
      <marc:subfield code="b">fre</marc:subfield>
    </marc:datafield>
    <marc:datafield tag="043" ind1=" " ind2=" ">
      <marc:subfield code="a">n-cn---</marc:subfield>
    </marc:datafield>
    <marc:datafield tag="086" ind1="1" ind2=" ">
      <marc:subfield code="a">C89-39/1997F-PDF</marc:subfield>
    </marc:datafield>
    <marc:datafield tag="110" ind1="2" ind2=" ">
      <marc:subfield code="a">Agence de promotion économique du Canada atlantique.</marc:subfield>
    </marc:datafield>
    <marc:datafield tag="245" ind1="1" ind2="0">
      <marc:subfield code="a">Perspectives d'avenir pour les entreprises fondées sur la biotechnologie au Canada atlantique / </marc:subfield>
      <marc:subfield code="h">[ressource électronique]</marc:subfield>
      <marc:subfield code="c">préparé par Bicon Consulting Associates pour le Conseil de l'Atlantique sur la compétitivité des agro-produits et l'Agence de promotion économique du Canada atlantique. </marc:subfield>
    </marc:datafield>
    <marc:datafield tag="260" ind1=" " ind2=" ">
      <marc:subfield code="b">Agence de promotion économique du Canada atlantique </marc:subfield>
      <marc:subfield code="c">Janvier 1997.</marc:subfield>
    </marc:datafield>
    <marc:datafield tag="300" ind1=" " ind2=" ">
      <marc:subfield code="a">57p.</marc:subfield>
      <marc:subfield code="b">figures, références, tableaux</marc:subfield>
    </marc:datafield>
    <marc:datafield tag="500" ind1=" " ind2=" ">
      <marc:subfield code="a">Préparé pour le Conseil de l'Atlantique sur la compétitivité des agro-produits et l'Agence de promotion économique du Canada atlantique. «La présent étude sur la biotechnologie traite des trois questions suivantes: 1. Les tendances actuelles des activités de R et D du secteur privé. [...] 2. Le rôle actuel et futur du gouvernement en tant qu'organisme de réglementation, et en tant qu'intermédiaire et facilitateur pour le secteur de la biotechnologie au Canada atlantique. [...] 3. La façon la plus efficace de concentrer l'action en vue d'augmenter la création d'entreprises fondées sur la biotechnologie au Canada atlantique."--Page 8.</marc:subfield>
    </marc:datafield>
    <marc:datafield tag="520" ind1="3" ind2=" ">
      <marc:subfield code="a">La présent étude sur la biotechnologie traite des trois questions suivantes: 1. Les tendances actuelles des activités de R et D du secteur privé. [...] 2. Le rôle actuel et futur du gouvernement en tant qu'organisme de réglementation, et en tant qu'intermédiaire et facilitateur pour le secteur de la biotechnologie au Canada atlantique. [...] 3. La façon la plus efficace de concentrer l'action en vue d'augmenter la création d'entreprises fondées sur la biotechnologie au Canada atlantique.--Page 8</marc:subfield>
    </marc:datafield>
    <marc:datafield tag="590" ind1=" " ind2=" ">
      <marc:subfield code="a">11-29-Supp</marc:subfield>
      <marc:subfield code="b">2011-11-25</marc:subfield>
    </marc:datafield>
    <marc:datafield tag="691" ind1="0" ind2="7">
      <marc:subfield code="a">Biotechnologie</marc:subfield>
      <marc:subfield code="2">gcpds</marc:subfield>
    </marc:datafield>
    <marc:datafield tag="710" ind1="2" ind2=" ">
      <marc:subfield code="a">Conseil de l'Atlantique sur la compétitivité des agro-produits.</marc:subfield>
    </marc:datafield>
    <marc:datafield tag="710" ind1="2" ind2=" ">
      <marc:subfield code="a">Bicon Consulting Associates.</marc:subfield>
    </marc:datafield>
    <marc:datafield tag="775" ind1="0" ind2="8">
      <marc:subfield code="t">Opportunities for biotechnology-based business in Atlantic Canada / </marc:subfield>
      <marc:subfield code="w">(CaOODSP)9.695211</marc:subfield>
    </marc:datafield>
    <marc:datafield tag="776" ind1="0" ind2="#">
      <marc:subfield code="t">Perspectives d'avenir pour les entreprises fondées sur la biotechnologie au Canada atlantique / </marc:subfield>
      <marc:subfield code="w">(CaOODSP)9.680497</marc:subfield>
    </marc:datafield>
    <marc:datafield tag="856" ind1="4" ind2="0">
      <marc:subfield code="a">http://publications.gc.ca</marc:subfield>
      <marc:subfield code="q">PDF</marc:subfield>
      <marc:subfield code="s">258 Ko</marc:subfield>
      <marc:subfield code="u">https://publications.gc.ca/collections/Collection/C89-39-1997F.pdf</marc:subfield>
    </marc:datafield>
  </marc:record>
</marc:collection>
